[Event "Hoogovens"]
[Site "Wijk aan Zee"]
[Date "1999.01.17"]
[Round "2"]
[White "Kramnik, Vladimir"]
[Black "Yermolinsky, Alex"]
[Result "1-0"]
[WhiteElo "2751"]
[BlackElo "2597"]
[Annotator "Golod,V"]
[PlyCount "80"]
[EventDate "1999.01.16"]
[EventType "tourn"]
[EventRounds "13"]
[EventCountry "NED"]
[EventCategory "17"]
[SourceTitle "CBM 069"]
[Source "ChessBase"]
[SourceDate "1999.04.01"]
[SourceVersion "1"]
[SourceVersionDate "1999.04.01"]
[SourceQuality "1"]

1. d4 Nf6 2. c4 e6 3. Nc3 Bb4 4. Qc2 d6 5. Bg5 Nbd7 (5... h6 $5 {See comments
to Jelen,I-Kurajica,B/Dresden,1998/CBM 65(0-1)[Golod,V](30)}) 6. e3 $5 ({
Other options are:} 6. Nf3) (6. a3) (6. e4 $6) 6... b6 $5 {Besides,6...Bxc3+;6.
..c5;6...h6;6...0-0;6...Qe7-was checked in the previous games} 7. Nge2 $5 ({
Another alternativ is:} 7. Bd3 $5 Bb7 8. f3 Bxc3+ (8... c5 $142 9. Nge2 cxd4
10. exd4 h6 11. Bh4 d5 12. cxd5 Bxd5 13. O-O Be7 $11 {1-0 Hjartarson,J-Chernin,
A/Madrid 1988/EXT 97 (95)}) 9. Qxc3 c5 10. Nh3 h6 11. Bf4 Qe7 12. Bg3 e5 13.
dxe5 dxe5 14. O-O-O g6 15. Bc2 $14 {is the first(!!!) game in this variation:
Alekhine,A-Nimzowitsch,A/New York(1-0) 1927/HCL (81)}) 7... Bb7 8. a3 Bxc3+ 9.
Nxc3 h6 ({Worse is:} 9... O-O 10. f3 Qe7 11. Be2 c5 12. dxc5 bxc5 13. O-O h6
14. Bh4 Ne5 15. Rfd1 Rfd8 16. Rd2 d5 17. cxd5 exd5 18. Rad1 $14 {1-0 Drasko,
M-Mijailovic,Z/Nis 1993/EXT 97 (65)}) 10. Bh4 O-O $5 ({Another options is:} 
10... g5 $5 11. Bg3 Nh5 12. O-O-O Qe7 13. Qa4 $5 (13. Nb5 $143 Ndf6 14. c5 Nxg3
15. hxg3 dxc5 16. dxc5 bxc5 17. f3 Kf8 18. Nc3 Kg7 $6 (18... Nd5 $5) 19. Na4
$36 {1/2-1/2 Bareev,E-Aleksic,N/Roma 1990/TD (41)}) 13... Kf8 14. e4 Kg7 15.
Be2 Nxg3 16. hxg3 c5 17. d5 e5 18. Bg4 Nf6 19. Bf5 $14 {1-0 Flear,G-Aleksic,N/
Aosta 1990/EXT 98 (60)}) 11. f3 (11. Rd1 $143 Qe7 12. f3 d5 13. Be2 c5 14. O-O
Rac8 15. Qb3 Rfe8 $11 {1-0 Kelecevic,N-Berset,P/Neuchatel 1996/EXT 97 (34)})
11... c5 $5 $146 (11... Re8 $5 {[%cal Gd7f8,Gf8g6]} 12. Be2 Nf8 13. O-O-O Ng6
14. Bf2 e5 15. d5 Nd7 16. h4 a5 17. g4 $14 {1/2-1/2 Pils,W-Grillitsch,K/
AUT-chT9495 1995/CBM 45 ext (24)}) 12. dxc5 $1 ({After:} 12. Rd1 Qe7 13. dxc5 (
13. d5 $2 exd5 $17 {[%csl Re3]}) (13. Bd3 $143 cxd4 14. exd4 d5 $11) 13... bxc5
{black has a equal game.}) 12... dxc5 $6 ({In my opinion} 12... bxc5 {[%csl
Gc5,Gd6,Ge6] is better and black has a strong pawn chain in the centre.}) 13.
O-O-O $14 Qe7 ({Badly:} 13... Qc7 {in view of:} 14. Bg3 e5 15. Nb5 Qb8 16. Nd6
$36) 14. Be2 {[%csl Ye2][%cal Ye2f3] ><f3,with the idea g4->} Rfd8 $5 {/\Ne5
or Nf8-g6} ({Dubious:} 14... Rad8 {because of:} 15. Nb5 {[%csl Ra7,Rd6]}) 15.
g4 Ne5 ({Worse is:} 15... Nf8 16. Bg3 {and black has a lack of space.}) 16.
Rxd8+ $5 (16. f4 $2 Ng6 (16... Bxh1 $2 17. fxe5 {[%csl Rf6,Rh1]} Qc7 18. exf6
Qxh2 19. Be1 $14) 17. Bxf6 Qxf6 {=/=/+}) 16... Rxd8 $140 17. Rf1 {[%csl Yf1]
[%cal Yf1f3] /\f4 or Bg3} Bc6 (17... Ng6 18. Bg3 Bc6 {-see the game after-18...
Ng6}) 18. Bg3 (18. f4 $143 Ng6 19. Bg3 e5 $5 (19... Qb7 20. Rd1 $14) 20. f5 Nf8
21. h4 N8h7 $13) 18... Ng6 19. Bd3 $6 ({Can be recommended:} 19. h4 {/\h5+/=})
19... Qd7 $1 20. Be2 {is the best move!} ({Dubious:} 20. Bxg6 fxg6 21. Rd1 (21.
g5 $6 hxg5 22. Rd1 Qc8 23. Rxd8+ Qxd8 24. Qxg6 Bxf3 25. Qxg5 (25. Be5 g4 $15)
25... Qd3 26. Be5 Qf1+ 27. Kd2 Ne4+ $5 28. Nxe4 $8 Qd1+ 29. Kc3 Qc1+ 30. Kb3 (
30. Kd3 Qf1+) 30... Bd1+ 31. Ka2 Qxc4+ 32. Ka1 Qc1+ $11) ({Loses:} 21. Qxg6 $4
Qd2+ 22. Kb1 Be4+ $3 23. Nxe4 (23. fxe4 Qd3+ $19) 23... Qd3+ 24. Ka2 Qxc4+ 25.
b3 Qe2+ $19) 21... Qe8 22. Rxd8 Qxd8 {+/=/=}) 20... Qb7 $6 (20... Qe7 $5 {
/\e5+/=}) 21. h4 {[%mdl 128]} Nh7 22. Rd1 $1 {[%mdl 32] <->d} Re8 ({After:} 
22... Rxd1+ 23. Qxd1 Qe7 24. h5 Ngf8 25. Qd6 {white has a big advantage in the
endgame.}) 23. Nb5 $1 {[%cal Gb5d6]} Bxb5 $6 ({Slight better is:} 23... Qe7 24.
h5 Ngf8 25. Bd6 Qb7 {+/=/+/-}) 24. cxb5 $16 Nf6 (24... Nhf8 25. h5 (25. g5 $5
$40) 25... Ne7 26. e4 $16) 25. g5 hxg5 ({Badly:} 25... Nh5 {in view of:} 26.
Be1 $1 {[%csl Rh5][%cal Gf3f4]} hxg5 27. hxg5 Ne5 28. Qe4 $1 Qxe4 29. fxe4 g6
$8 30. Bc3 f6 (30... Ng3 31. Bxe5 Nxe2+ 32. Kd2 $18 {[%csl Re2]}) 31. gxf6 Nf7
32. Rg1 $18) 26. hxg5 Nd5 ({Also badly:} 26... Nh5 {because of:} 27. Be1 $1)
27. Qd2 {><f4;/\e4} Qe7 $6 (27... Nde7 $5 {with the idea after28.e4 e5!}) 28.
e4 Nc7 29. f4 {[%mdl 128]} e5 $6 (29... Rc8 $142 30. f5 exf5 31. exf5 Ne5 32.
g6 $40) 30. f5 Nf4 (30... Nf8 31. g6 $18) 31. Bxf4 $1 exf4 32. g6 $18 {[%csl
Rf7,Rg8][%cal Ge2c4,Gc4g8]} Qxe4 ({Loses right away:} 32... fxg6 33. Bc4+ Kf8
$8 34. Qh2 $1 Qf6 (34... Qxe4 35. Qh8+ Ke7 36. Qxg7#) 35. Rd7 $18 {[%csl Rf8]
[%cal Gh2h8]}) ({Also loses:} 32... Kf8 33. Rh1 fxg6 (33... Kg8 34. Bc4 $18) (
33... Qxe4 34. Qd6+ Kg8 $8 35. gxf7+ Kxf7 36. Qxc7+ Kg8 (36... Re7 $143 37.
Bh5+ $18) 37. Rh2 f3 38. f6 $1 $18) (33... Qd8 34. Qxd8 Rxd8 35. Rh8+ Ke7 36.
f6+ $1 gxf6 37. g7 $18 (37. Rxd8 $18)) 34. Rh8+ Kf7 35. fxg6+ Kxg6 $8 (35...
Kf6 $2 36. Qxf4+ Ke6 (36... Kxg6 37. Qf5#) 37. Bg4#) (35... Ke6 $2 36. Bc4+ Ke5
37. Rh5+ $18) 36. Bh5+ $18) 33. gxf7+ Kxf7 34. Bh5+ Kf8 ({Badly:} 34... Kf6 {
because of:} 35. Qd6+ Kxf5 36. Bg6+ (36. Qg6+ $5 Ke5 37. Qxg7+ Ke6 $8 (37...
Kf5 38. Bg4#) 38. Bg4+ Qf5 39. Qd7+)) 35. Qd6+ $5 Qe7 (35... Re7 $143 36. f6
Qe3+ 37. Kb1 gxf6 38. Qxf6+ Kg8 39. Rd8+ Ne8 40. Rxe8+ $1 Rxe8 41. Bf7+ Kh7 (
41... Kf8 42. Be6#) 42. Qg6+ Kh8 43. Qh6#) (35... Kg8 $2 36. Qxc7 $18) 36. Bxe8
Qxd6 37. Rxd6 Kxe8 (37... Nxe8 38. Rd7 {[%csl Ra7]}) 38. a4 Ke7 39. Rg6 Nd5 (
39... Kf7 40. Kd2 Nd5 41. Rd6 Ne7 42. Rd7 Kf6 43. Rxa7 Nxf5 44. a5 $18) 40. Kd2
Ne3 $138 1-0

[Event "Hoogovens"]
[Site "Wijk aan Zee"]
[Date "1999.01.19"]
[Round "3"]
[White "Topalov, Veselin"]
[Black "Kramnik, Vladimir"]
[Result "1/2-1/2"]
[WhiteElo "2700"]
[BlackElo "2751"]
[Annotator "Wedberg,T"]
[PlyCount "69"]
[EventDate "1999.01.16"]
[EventType "tourn"]
[EventRounds "13"]
[EventCountry "NED"]
[EventCategory "17"]
[SourceTitle "CBM 069"]
[Source "ChessBase"]
[SourceDate "1999.04.01"]
[SourceVersion "1"]
[SourceVersionDate "1999.04.01"]
[SourceQuality "1"]

1. e4 e5 2. Nf3 Nc6 3. Bb5 Nf6 4. O-O Nxe4 5. d4 Nd6 6. Bxc6 dxc6 7. dxe5 Nf5
8. Qxd8+ Kxd8 9. Nc3 Ke8 10. h3 Ne7 11. Re1 {Eyeing the K on e8.} Nd5 12. Ne4
Nb4 $146 (12... c5 13. a3 h6 14. c4 Nb6 15. b3 Bf5 16. g4 Be6 17. Kg2 Rd8 18.
Be3 Nd7 19. Rad1 $14 {1/2-1/2 Schmid,L-Bisguier,A/Tel Aviv 1964/EXT 99 (30)})
13. Re2 Bf5 14. Nd4 (14. Bd2 $5 {would have bred more life into the position}
Nxc2 $140 15. Rc1 Nb4 16. Nd6+ $1 cxd6 17. exd6+ Be6 18. Bxb4 Rd8 19. Rd1 $36)
14... Bxe4 15. Rxe4 c5 16. a3 (16. Nb5 Nxc2 17. Nxc7+ Kd7 18. Nxa8 Nxa1 19. Ra4
a6 20. Rf4 Be7 21. Nb6+ Ke6 $15) 16... cxd4 17. axb4 Bxb4 18. Rxd4 Be7 {
White has a microscopic advantage, but Black is alright with careful play.} 19.
Be3 a6 20. Rad1 h5 21. c3 Rd8 22. Rxd8+ Bxd8 23. f4 f5 24. exf6 Bxf6 25. Kf2 g6
26. Kf3 Ke7 27. Bd4 Bxd4 28. Rxd4 a5 29. Rd5 b6 30. Ke4 a4 31. Re5+ Kf6 32. f5
gxf5+ 33. Rxf5+ Kg6 34. Rd5 Rf8 35. Ke3 1/2-1/2

[Event "Hoogovens"]
[Site "Wijk aan Zee"]
[Date "1999.01.20"]
[Round "4"]
[White "Kramnik, Vladimir"]
[Black "Reinderman, Dimitri"]
[Result "1/2-1/2"]
[WhiteElo "2751"]
[BlackElo "2542"]
[Annotator "Ribli,Z"]
[PlyCount "67"]
[EventDate "1999.01.16"]
[EventType "tourn"]
[EventRounds "13"]
[EventCountry "NED"]
[EventCategory "17"]
[SourceTitle "CBM 069"]
[Source "ChessBase"]
[SourceDate "1999.04.01"]
[SourceVersion "1"]
[SourceVersionDate "1999.04.01"]
[SourceQuality "1"]

{[%mdl 36]} 1. d4 {Hansen,Cu} g6 2. e4 Bg7 3. c4 d6 4. Nc3 e5 {Wenn Schwarz
nicht die Königsindische Verteidigung (mit ...Nf6) spielen möchte, scheint mir
dies die beste Fortsetzung zu sein. Schwarz hat keine Angst vor 5.dxe5 dxe5 6.
Qxd8~~ Kxd8, denn er kontrolliert stark das Feld d4. Nach 5.d5 kann Schwarz
sofort 5...f5 spielen. Ribli.} 5. Nge2 {Weiß hält die Spannung.} exd4 6. Nxd4
Nc6 7. Be3 (7. Nxc6 $5) 7... Nge7 8. Nxc6 {Hansen,Cu: 'The normal quiet
continuation - if white does not want to play 8. h4 - is:'  Wenn Weiß auf c6
nehmen möchte, wäre dies im 7. Zug genauer gewesen, denn dort hätte Schwarz
nur mit dem Bauern wiedernehmen können, während ihm jetzt zwei Möglichkeiten
zur Verfügung stehen.} (8. Be2 {Hansen,Cu} O-O 9. O-O f5 10. Nxc6 Nxc6 11. exf5
Bxf5 12. Qd2) 8... Nxc6 {[%csl Yd4] Dies scheint mir logischer, als die
Alternative 8...bxc6. Schwarz hat eine etwas passive, aber sehr gut
verteidigungsfähige Stellung ohne Schwächen.} (8... bxc6 9. Bd4 O-O (9... f6
10. c5 d5 11. Be2 O-O 12. O-O Be6 13. Bf3 dxe4 14. Bxe4 f5 15. Bxg7 Kxg7 16.
Bf3 Qxd1 17. Raxd1 Rfd8 18. h4 {1/2-1/2 Georgiev,K-Seirawan,Y/Novi Sad 1990/TD
(53)}) 10. Bxg7 Kxg7 11. Qd4+ f6 12. c5 dxc5 13. Qxc5 Qd6 14. Qxd6 cxd6 15.
O-O-O $14 {1-0 Polugaevsky,L-Azmaiparashvili,Z/Reykjavik 1990/CBM 18 ext (53)})
9. Qd2 Be6 {Hansen,Cu: 'Black tries to use whites early exchange on c6 to wait
with the freeing f7-f5'} (9... O-O 10. Be2 f5 11. O-O (11. exf5 Bxf5 12. O-O
Qf6 13. Rfd1 Rae8 14. Rac1 Kh8 15. b3 b6 16. Nd5 Qf7 17. h3 a5 18. Bf1 Bc8 19.
a3 Nd8 20. b4 axb4 21. axb4 Ne6 22. Rc2 {1/2-1/2 Petrosian,A-Ermenkov,E/
JUG-chT2 1994/EXT 97 (22)}) 11... fxe4 12. Nxe4 Bf5 13. Nc3 Qf6 14. Rad1 Rac8
15. Rfe1 Kh8 16. Bf3 (16. h3 $5) 16... Ne5 17. Bxb7 Nxc4 18. Bd4 $1 {1/2-1/2
Shipov,S-Matulovic,M/Belgrade 1992/CBM 31/[Ribli] (24)}) 10. Be2 Qd7 (10... Ne5
11. b3 Ng4 12. Bxg4 Bxg4 13. Bd4 $14) 11. O-O (11. O-O-O O-O-O) 11... O-O 12.
Rad1 Rad8 $5 (12... b6 $6 {Dieser Zug ist überflüssig, denn 13.c5 droht nicht.}
13. f4 Rad8 14. Qc2 Rfe8 15. Bf2 f5 16. e5 $14 {[%csl Rd7] Die schwarze Dame
steht unglücklich in der d-Linie. (Babula,V. - Horvath,Jo. Zalakaros 1998).})
13. Bh6 {Es ist logisch, daß Weiß die beste schwarze Figur tauscht.} (13. Rfe1
f5 14. Bg5 Rde8 15. exf5 Bxf5 16. Nd5 Be6 17. Be3 Ne7 18. Nxe7+ Rxe7 19. b3 b6
20. Bf3 Bg4 21. Bd5+ Kh8 22. f3 Bf5 23. Bd4 {1-0 Yakovich,Y-Kanstler,B/
Uzhgorod 1987/EXT 97 (70)}) (13. Nd5 f5 14. exf5 Bxf5 15. Bh6 Nd4 16. Bxg7
Nxe2+ 17. Qxe2 Qxg7 18. Rfe1 c6 19. Nc3 Qf7 20. b3 Rde8 21. Qd2 Rxe1+ 22. Rxe1
Re8 23. Rd1 Qf6 24. h3 h5 {1-0 Sergeev,V-Moehring,G/Ceske Budejovice 1994/EXT
97 (53)}) (13. c5 dxc5 14. Qxd7 Rxd7 15. Rxd7 Bxd7 16. Bxc5 Re8 $11) 13... f6 (
13... f5 $5 {Hansen,Cu} 14. Bxg7 Qxg7 {seems to be one tempo better than the
game}) 14. Bxg7 (14. Be3 f5 $11) 14... Qxg7 15. b3 (15. f4 f5 $11 (15... Kh8 {
Hansen,Cu and white has to play b2-b3 anyway to be able to continue Be2-f3}) (
15... f5 16. exf5 Bxf5 17. Bf3)) 15... Kh8 (15... f5 $11) (15... Rde8 $11) 16.
Nd5 {[%csl Yd5]} (16. f4 $1 {Hansen,Cu} f5 17. exf5 Bxf5 18. Bf3 $16 {[%csl
Rb7][%cal Yf3b7] In this case black would find it more difficult than in the
game to put the N or Q on d4 because b7 is hanging}) 16... f5 $11 17. exf5 (17.
Nf4 Bc8 $11) 17... Bxf5 18. f4 (18. b4 Rde8 19. b5 Nd8 {[%csl Yc5][%cal Gd8e6,
Ge6c5]}) 18... Rde8 {[%csl Ge8,Gf8] Schwarz hat eine ideale Turmaufstellung
und wenngleich seine Stellung ein wenig passiv ist, kann Weiß nicht
vorankommen.} 19. Rfe1 h5 $5 {Hansen,Cu: 'Stopping g2-g4-g5 and Nf6'  Ein
interessanter Zug. Schwarz hat keine Angst vor der Schwächung seines
Königsflügels und sichert den Läufer auf f5.} (19... Re4 $11 {[%csl Yd4]}) (
19... Re6 $11 {[%cal Gf8e8,Ge8e1]}) 20. Bf3 {[#]} Nd4 $1 {'<=>!' Hansen,Cu.}
21. Rxe8 (21. Qxd4 $4 Rxe1+ $19) 21... Nxf3+ 22. gxf3 {[%csl Rf3,Rf4]} Rxe8 23.
Kf2 c6 {'!?' Hansen,Cu. Der stolze d5-Springer muß weichen.} (23... b6 $5 {
[%cal Ye8f8,Yf8f7,Yf5c8,Yc8b7] Hansen,Cu keeps the P-structure intact but also
allows white to keep his N on d5. However black has a good plan in Re8-f8-f7
and Bc8-b7 with pressure against f4 or maybe just Bc8-b7 to keep control of
the e-<->}) 24. Ne3 (24. Nc3 Qe7 $15 {[%cal Re7h4,Rh4f2]}) 24... Qe7 {[%csl
Rf2][%cal Re7h4,Rh4f2]} 25. Ng2 {Der Springer verteidigt von g2 die weiße
Königsstellung.} Rd8 {[%cal Gd6d5] Hansen,Cu: 'Passive but it protects d6 and
avoids exchange of Rs'} 26. Qd4+ {[%cal Rd4h8,Rd4a7]} Kh7 27. Qxa7 (27. Re1 $5
{Hansen,Cu} Qf7 28. Qxa7 c5 29. Qb6 $16) 27... c5 $44 {[%csl Ra7,Rf2] Die
weiße Dame ist vom Kampf am Königsflügel abgeschnitten.} 28. Qa5 (28. Re1 {
Hansen,Cu} Qg7 $1 $132 {A big difference compared to 27.Te1!?}) 28... Qf6 (
28... Re8 $6 29. Re1 $14) 29. Qd2 {Weiß besitzt einen Mehrbauern, aber der
Materialvorteil ist kaum zu verwerten, denn seine Bauern am Königsflügel sind
schwach.} Bh3 {[%csl Rf3,Rf4] '!' Hansen,Cu. Hansen,Cu: 'White has only a
dobled-P more and black is quite active'} 30. Qe3 Rd7 {[%cal Gd7e7,Ge7e3] Der
Turm bereitet die Besetzung der e-Linie vor.} 31. Kg3 (31. Re1 $5 $14 {[%cal
Ge1e8]}) 31... Bxg2 32. Kxg2 Re7 $11 33. Qd2 Re6 {'!' Hansen,Cu. Hansen,Cu:
'Covering d6 and making active use of the open e-<->'} 34. Re1 {Und hier wurde
in gleicher Stellung Remis vereinbart.} (34. Re1 Rxe1 35. Qxe1 Qxf4 36. Qe7+
Kh6 37. Qxb7 Qg5+ {'=' Hansen,Cu.} 38. Kf1 Qc1+ $11) 1/2-1/2

[Event "Hoogovens"]
[Site "Wijk aan Zee"]
[Date "1999.01.21"]
[Round "5"]
[White "Piket, Jeroen"]
[Black "Kramnik, Vladimir"]
[Result "1/2-1/2"]
[WhiteElo "2609"]
[BlackElo "2751"]
[Annotator "Donev,I"]
[PlyCount "51"]
[EventDate "1999.01.16"]
[EventType "tourn"]
[EventRounds "13"]
[EventCountry "NED"]
[EventCategory "17"]
[SourceTitle "CBM 069"]
[Source "ChessBase"]
[SourceDate "1999.04.01"]
[SourceVersion "1"]
[SourceVersionDate "1999.04.01"]
[SourceQuality "1"]

1. d4 Nf6 2. c4 e6 3. Nf3 d5 4. Nc3 Be7 5. Bg5 h6 6. Bh4 O-O 7. e3 b6 8. Be2
Bb7 9. Bxf6 {Ein feiner Eröffnungszug - der Abtausch auf f6 darf erst nach dem
Entwicklungszug Lb7 gemacht werden. Im Falle eines Abtausches vor dem Zug Lb7
hätte der schwarze Läufer sich später (nachdem Abtausch cxd5 exd5) auf das
bessere Feld e6 entwickeln können. Durch die Aufgabe des Läuferpaars strebt
Weiß danch, den Vorstoß c5 zu vermeiden und wie wir später sehen werden in
einem günstigen Moment selber den Bauer e3-e4 vorzuziehen.} Bxf6 10. cxd5 exd5
11. O-O (11. b4 c5 12. bxc5 bxc5 13. Rb1 Qa5 14. Qd2 cxd4 15. exd4 Ba6 16. Nd1
Re8 17. Ne3 Bd8 18. Qxa5 Bxa5+ 19. Kd1 Re6 20. Bb5 Rb6 21. a4 Bb7 22. Ke2 Nc6
23. Rhc1 Rd8 24. Rc5 Rd6 25. Rbc1 Bb4 26. Kf1 Nd8 27. Ne5 Ne6 28. Nf5 $2 Rd8
29. R5c2 Ba3 30. Ra1 Bf8 31. Rd1 g6 32. Ne3 Bg7 33. Nc6 Bxc6 34. Rxc6 Nxd4 35.
Rxb6 axb6 36. Ke1 Kf8 37. Rc1 Ne6 38. Kd2 Bd4 39. Bc6 Nc5 40. Rb1 Ne4+ $2 (
40... Rd6) 41. Kd3 Bc5 42. Nxd5 Nxf2+ 43. Kc4 Ng4 44. Nxb6 Bxb6 45. Rxb6 Ne5+
46. Kc5 Nxc6 47. Kxc6 Rd2 48. a5 Rxg2 49. a6 Rxh2 50. a7 Ra2 51. Rb8+ Kg7 52.
a8=Q Rxa8 53. Rxa8 f5 54. Kd5 Kf6 55. Ra1 h5 56. Kd4 h4 57. Rh1 g5 58. Ke3 Kg6
59. Kf3 Kh5 60. Ra1 Kg6 61. Ra6+ Kf7 62. Ke3 Kg7 63. Kd4 h3 64. Ke3 Kh7 65. Kf3
Kg7 66. Kg3 g4 67. Rb6 Kf7 68. Kf4 Kg7 69. Ra6 Kf7 70. Ra5 Kg6 71. Rb5 Kh6 72.
Rb6+ Kg7 73. Ra6 Kf7 {1/2-1/2 Safin,M-Donev,I/Plovdiv 1988 (73)}) 11... c6 (
11... Re8 12. b4 c6 13. Qb3 Nd7 14. b5 c5 15. Nxd5 Bxd4 16. Rad1 Be5 17. Bc4
Nf8 18. Rd2 Rc8 19. Nxb6 Qxb6 20. Bxf7+ Kh8 21. Bxe8 Bxf3 22. Qf7 Nh7 23. gxf3
Qb8 24. Bc6 Bxh2+ 25. Kg2 Ng5 26. Qb7 Bc7 27. Rd7 Nh7 28. Rfd1 Nf6 29. Qxb8 {
1-0 Cserna,L-Donev,I/Ruse 1984 (29)}) 12. Re1 Nd7 13. Qb3 Re8 14. Rad1 (14. e4
Nf8 (14... c5 $1) 15. Rad1 Ne6 16. exd5 cxd5 17. Bb5 Re7 18. Qa4 $2 a6 19. Bf1
b5 20. Qb4 Rb8 21. Re3 Ba8 22. g3 a5 23. Qb3 b4 24. Ne2 Bc6 25. Ne5 Bb5 26. Nf4
Nxf4 27. Bxb5 Bxe5 (27... Nh3+ 28. Kg2 Nxf2) 28. dxe5 Nh3+ 29. Kg2 Rxb5 30.
Kxh3 Qc8+ $2 (30... d4) 31. Kg2 Qc4 32. Qxc4 dxc4 33. Rd8+ Kh7 34. Rc8 b3 35.
a3 Rbxe5 36. Rxe5 Rxe5 37. Rxc4 Re2 38. Ra4 Re5 39. Rc4 Kg6 40. Rc3 a4 41. Rc4
Re2 42. Rxa4 Rxb2 43. Rb4 Kf6 44. a4 Ke6 45. a5 Ra2 {1/2-1/2 Miatovic,D-Donev,
I/Elenite BG-ch hf 1986 (45)}) 14... Nf8 15. Bf1 {Weiß hat alle Figuren
harmonisch im Zentrum entwickelt und bereitet den typischen Zentralvorstoß
e3-e4 vor.} Ne6 16. g3 Qc7 $146 {[%mdl 8]} (16... Ng5 17. Nxg5 hxg5 18. h3 Bc8
19. Bg2 Be6 20. Qa4 Bd7 {1/2-1/2 Ristic,N-Mirkovic,S/Igalo 1994/EXT 97 (20)}) (
16... Rc8 17. Bg2 g6 18. Rd2 Bg7 19. Qd1 Qc7 20. b4 c5 21. bxc5 bxc5 22. Ne2
Qa5 23. dxc5 {1/2-1/2 Rajkovic,D-Unzicker,W/BL9192 1992/GER-chT (23)}) 17. e4
Rad8 (17... dxe4 18. Nxe4 Be7) 18. e5 Be7 19. h4 {Bereitet Bh3 vor, von wo er
die Diagonale h3-c8 kontrolliert und um in einem günstigen Moment den Springer
zu tauschen.} c5 20. Bh3 (20. dxc5 Qxc5 (20... Nxc5 21. Qc2 Ne4) (20... d4 21.
cxb6 axb6 22. Nb5 Qc6 23. Bg2 Nc5)) 20... Bf8 21. Ne2 Bc8 22. Kh2 g6 23. a3 Bg7
24. Qc2 Qe7 25. Qd2 Qf8 26. Nf4 1/2-1/2